00731 a2200157 45000010006000000050017000060080041000230030015000640400040000790800056001192450116001752640054002913000018003455050192003631000018005555796520260407155839.0260407a1987 arg spa dAR-UNSa-BCEJYS aAR-UNSa-BCEJYSbspacAR-UNSa-BCEJYS a332.1xEconomía regional. Economía territorial 10aLa región bonaerensepdesarrollo productivo, estrategias laborales, descentralización estatal y financiera. 1aBuenos Aires :bFundación Friedrich Ebertc1987 a39 p.c21 cm. a1. Introducción - 2. La economía regional bonaerense y sus perspectivas - 3. La estrectura financiera provincial - 4. El rol del municipio en el proceso de descentralización estatal1 aColman, Oscar